000 00666nam a2200229Ia 4500
003 OSt
005 20220926021250.0
006 a|||||r|||| 00| 0
007 ta
008 220923b |||||||| |||| 00| 0 eng d
037 _cGeneral Book
040 _aRTL
_cRTL
_beng
041 _2eng
_aeng
082 _aX:54OaZn1N45,N68.N76, L6.7
110 _aUNITED NATIOS
_9326090
245 0 _aUnited natios commissions on international trade law yearbook
260 _aNew York
_bUN
_c1976
300 _a322P
_ccm.
700 _aUNITED NATIOS
_9326091
942 _hX:54OaZn1N45,N68.N76, L6.7
_cGB
_2CC
999 _c636316
_d636316